[Event "Wch U16"]
[Site "Montevideo"]
[Date "2017.09.24"]
[Round "9"]
[White "Hafstad, Leif"]
[Black "Chang, Pierre"]
[Result "1/2-1/2"]
[WhiteElo "1808"]
[BlackElo "1950"]
[PlyCount "89"]
[EventDate "2017.09.17"]
[EventType "swiss"]
[EventRounds "11"]
[EventCountry "URU"]
[SourceTitle "CBM 180 Extra"]
[Source "ChessBase"]
[SourceDate "2017.10.06"]
[SourceVersion "1"]
[SourceVersionDate "2017.10.06"]
[SourceQuality "1"]

1. e4 c5 2. Nf3 d6 3. Bb5+ Bd7 4. Bxd7+ Qxd7 5. 0-0 Nc6 6. c3 Nf6 7. Qe2 e6 8. d4 cxd4 9. cxd4 d5 10. e5 Ng8 11. Be3 Nge7 12. Nc3 Nc8 13. Ne1 Be7 14. f4 f5 15. Kh1 0-0 16. Rg1 Nb6 17. Nd3 Rac8 18. g4 fxg4 19. Qxg4 Rf7 20. Raf1 Bf8 21. Ne2 Nc4 22. Rf3 Nxe3 23. Rxe3 g6 24. a3 b6 25. Nf2 Ne7 26. Ng3 Rg7 27. Qe2 Rc4 28. Ng4 Qc8 29. Nf6+ Kh8 30. Rd1 Rf7 31. Rf3 a6 32. h4 Bg7 33. Ng4 Nf5 34. Nxf5 gxf5 35. Ne3 Rc6 36. Rg1 Bh6 37. Qg2 Rcc7 38. Rg3 Rg7 39. Rxg7 Rxg7 40. Qf2 Rxg1+ 41. Kxg1 Qc1+ 42. Kh2 Qb1 43. Ng2 Qe4 44. Qd2 Kg7 45. Kg3 1/2-1/2

[Event "Wch U16"]
[Site "Montevideo"]
[Date "2017.09.18"]
[Round "2"]
[White "Chang, Pierre"]
[Black "Ramirez Madrid, Gerardo Alfonso"]
[Result "1-0"]
[WhiteElo "1950"]
[BlackElo "1683"]
[PlyCount "73"]
[EventDate "2017.09.17"]
[EventType "swiss"]
[EventRounds "11"]
[EventCountry "URU"]
[SourceTitle "CBM 180 Extra"]
[Source "ChessBase"]
[SourceDate "2017.10.06"]
[SourceVersion "1"]
[SourceVersionDate "2017.10.06"]
[SourceQuality "1"]

1. d4 Nf6 2. c4 g6 3. Nc3 d5 4. cxd5 Nxd5 5. e4 Nxc3 6. bxc3 Bg7 7. Bc4 c5 8. Be3 Nc6 9. Ne2 0-0 10. 0-0 Bg4 11. f3 Na5 12. Bb3 cxd4 13. cxd4 Be6 14. Bxe6 fxe6 15. Qa4 a6 16. Bd2 Nc6 17. Bc3 b5 18. Qb3 Nxd4 19. Nxd4 Bxd4+ 20. Kh1 Bxc3 21. Qxc3 Rc8 22. Qb3 Rc4 23. Qa3 Qd6 24. Qe3 Rd8 25. Rac1 Qd2 26. Qg1 a5 27. Rcd1 Rc2 28. Rxd2 Rdxd2 29. Rd1 Rf2 30. a3 a4 31. Rb1 Ra2 32. h4 Rfd2 33. Rxb5 Rxa3 34. Qc5 Ra1+ 35. Kh2 a3 36. Qxe7 Rb2 37. Ra5 1-0

[Event "Wch U16"]
[Site "Montevideo"]
[Date "2017.09.18"]
[Round "3"]
[White "Zeman, Matyas"]
[Black "Chang, Pierre"]
[Result "1-0"]
[WhiteElo "2203"]
[BlackElo "1950"]
[PlyCount "67"]
[EventDate "2017.09.17"]
[EventType "swiss"]
[EventRounds "11"]
[EventCountry "URU"]
[SourceTitle "CBM 180 Extra"]
[Source "ChessBase"]
[SourceDate "2017.10.06"]
[SourceVersion "1"]
[SourceVersionDate "2017.10.06"]
[SourceQuality "1"]

1. d4 Nf6 2. Bf4 d5 3. e3 c5 4. c3 Nc6 5. Nd2 Bg4 6. Qb3 Bc8 7. Ngf3 e6 8. Bb5 Be7 9. h3 0-0 10. 0-0 Bd6 11. Bxc6 bxc6 12. Bxd6 Qxd6 13. Qa3 Qc7 14. Qxc5 Ba6 15. Rfe1 Rab8 16. b3 Rb5 17. Qa3 Ra5 18. Qb2 Rb5 19. b4 Rb6 20. Qc2 h6 21. e4 Rc8 22. e5 Nd7 23. Nb3 Rbb8 24. Nc5 Nxc5 25. dxc5 Qe7 26. Qd2 Bc4 27. Nd4 Rc7 28. f4 Re8 29. Qf2 Rb8 30. f5 exf5 31. Qxf5 Re8 32. e6 fxe6 33. Rxe6 Qf7 34. Qxf7+ 1-0

[Event "Caribbean Carnival U20"]
[Site "Port of Spain"]
[Date "2015.08.09"]
[Round "1.5"]
[White "Chang, Pierre"]
[Black "Mahtani, Nitin"]
[Result "1-0"]
[WhiteElo "1973"]
[BlackElo "1437"]
[PlyCount "57"]
[EventDate "2015.08.09"]
[EventType "swiss"]
[EventRounds "7"]
[EventCountry "TRI"]
[SourceTitle "EXT 2024"]
[Source "ChessBase"]
[SourceDate "2023.10.10"]
[SourceVersion "1"]
[SourceVersionDate "2023.10.10"]
[SourceQuality "1"]

1. e4 c6 2. d4 d5 3. e5 Bf5 4. h4 h6 5. g4 Be4 6. f3 Bh7 7. Bd3 Bxd3 8. Qxd3 e6 9. f4 Ne7 10. Nf3 Nd7 11. f5 c5 12. c3 h5 13. fxe6 fxe6 14. Ng5 Qb6 15. Qf3 0-0-0 16. Nf7 hxg4 17. Qxg4 Rh7 18. Rh2 Nf5 19. Nxd8 Be7 20. Nf7 Bxh4+ 21. Kd1 cxd4 22. cxd4 Qb4 23. Nc3 g5 24. Bxg5 Bxg5 25. Qxg5 Ne3+ 26. Kc1 Rxf7 27. Qxe3 Rf1+ 28. Nd1 Qa4 29. Rc2+ 1-0

[Event "SUR-ch"]
[Site "Paramaribo"]
[Date "2015.03.20"]
[Round "1"]
[White "Prade, Cedric"]
[Black "Chang, Pierre"]
[Result "0-1"]
[WhiteElo "1756"]
[BlackElo "1929"]
[PlyCount "60"]
[EventDate "2015.03.20"]
[EventType "tourn"]
[EventRounds "13"]
[EventCountry "SUR"]
[SourceTitle "EXT 2018"]
[Source "ChessBase"]
[SourceDate "2017.10.13"]
[SourceVersion "1"]
[SourceVersionDate "2017.10.13"]
[SourceQuality "1"]

1. c4 e5 2. Nc3 Bb4 3. Nd5 Bc5 4. e3 c6 5. Nc3 d5 6. d4 exd4 7. exd4 Be7 8. cxd5 cxd5 9. Bb5+ Nc6 10. Qa4 Qd6 11. Bf4 Qe6+ 12. Nge2 Nf6 13. 0-0 0-0 14. Bg5 Qd6 15. Bf4 Qb4 16. Bxc6 bxc6 17. Qxc6 Bd7 18. Qa6 Qxb2 19. Qd3 Qb6 20. Rab1 Qc6 21. Rfc1 Be6 22. Ng3 Rfc8 23. Qd2 Qa6 24. Rb3 Rc4 25. Rcb1 Rac8 26. f3 Rxd4 27. Qe3 Rdc4 28. Qd3 Qc6 29. Bd2 Nd7 30. Rb7 Nc5 0-1